One Law for All? Weber v Ontario Hydro and Canadian Labour Law /

Detalles Bibliográficos
Autor principal: Shilton, Elizabeth
Otros Autores: Schucher, Karen
Formato: eBook
Lenguaje:inglés
Publicado: Toronto: Irwin Law Inc., 2017
Materias:
Acceso en línea:Acceso restringido

MARC

LEADER 00000nam a22000007a 4500
005 20210813105251.0
007 cr|||| ||||
008 210813s2017 ca |||||s|||| 00||0 eng d
020 |a 978-1-55221-455-8 
035 |a 34937 
040 |a vLex 
090 |c 12007  |d 12007 
100 1 |a Shilton, Elizabeth 
245 1 0 |a One Law for All?  |h [Recurso electrn̤ico] :  |b Weber v Ontario Hydro and Canadian Labour Law /  |c Elizabeth Shilton, Karen Schucher 
256 |a Servicio en ln̕ea 
260 |a Toronto:  |b Irwin Law Inc.,  |c 2017 
300 |a 1 recurso electrn̤ico 
506 1 |a Disponible solo en los productos indicados  |d vLex Global  |d vLex Global (Academic Edition, excluding Law Schools)  |d vLex Global (U.S. Academic Edition, Law Schools)  |d vLex Global (U.S. Academic Edition, excluding Law Schools)  |d vLex Global (Academic Edition, Law Schools) 
650 0 4 |a Derecho Laboral y Seguridad Social  |z Canad̀ 
700 1 |a Schucher, Karen 
740 0 |a vLex Libros (Servicio en ln̕ea) 
856 4 0 |u https://app.vlex.com/#/sources/34937  |z Acceso restringido 
942 |c BOOK 
999 0 |a Labor law and social security